[Event "GEO-ch U20 Boys 2020"]
[Site "Tbilisi"]
[Date "2020.08.13"]
[Round "8.1"]
[White "Kacharava, Nikolozi"]
[Black "Khodashneli, Shota"]
[Result "1-0"]
[WhiteElo "2437"]
[BlackElo "1940"]
[Annotator "TA"]
[PlyCount "125"]
[EventDate "2020.08.06"]
[EventType "tourn"]
[EventCountry "GEO"]
[SourceTitle "playchess.com"]
[Source "ChessBase"]
[SourceQuality "1"]

{[%evp 12,125,32,33,36,43,24,29,39,39,47,17,41,21,33,39,43,44,56,47,61,42,72,65,37,55,56,44,64,56,115,121,213,218,201,108,106,104,106,73,121,119,114,22,127,100,124,132,149,114,114,98,95,83,99,101,101,115,105,68,125,29,29,29,29,24,45,47,47,52,52,45,73,44,584,584,580,580,4188,2395,4568,2522,29962,29964,29966,29967,29967,29968,29969,29970,29970,29971,29972,29970,29969,29970,29971,29972,29973,29974,29974,29974,29974,29975,29975,29976,29976,29977,29977,29973,29975,29976,29980,29980,29978,29977]} 1. e4 c5 2. Nf3 Nc6 3. d4 cxd4 4. Nxd4 Nf6 5. Nc3 e6 6. Ndb5 Bc5 7. Bf4 O-O {B45: Sicilian Four Knights.} 8. Bc7 Qe7 9. Bd6 Bxd6 {White has an edge.} 10. Qxd6 Qd8 {10...Qd8 scores better than 10...Ne8.} 11. Nc7 Rb8 $1 12. Be2 b5 $1 {[%cal Rb5b4] Strongly threatening ...b4.} 13. e5 ({But not} 13. Bxb5 Rb7 $17) 13... b4 {And now ...Ne8 would win.} 14. exf6 bxc3 15. fxg7 Kxg7 16. Qg3+ Kh8 17. Qxc3+ e5 {has lost popularity (17...Kg8).} 18. Nb5 $40 {[%mdl 128] White attacks.} Qf6 {[#]} 19. Qa3 $146 {[%cal Ra3f8]} ({Predecessor:} 19. Qc5 Rg8 20. O-O-O Rxg2 21. Rhg1 Rxg1 22. Rxg1 Ba6 23. Kb1 Qe7 24. Qxe7 Nxe7 25. Nd6 Ng6 26. Bxa6 Rb6 27. Nxf7+ Kg7 28. Bc4 {1-0 (28) Filev,G (2375)-Karakehajov,K (2486) Borovetz 2008}) 19... Rg8 20. O-O-O d5 ({Better is} 20... Rxg2 $14 21. Qf8+ Rg8) 21. Rxd5 $16 Bf5 (21... a6 $16) 22. Rd6 $1 $18 {[%cal Rd6f6]} Qg5+ {[#]} 23. Qe3 ({White should play} 23. Rd2 $1 $18) 23... Qxe3+ $16 24. fxe3 Rxg2 25. Rxc6 Rxe2 26. Nd6 Bg6 {[#]} 27. h4 ({White should try} 27. Rc7 $1 $16) 27... h5 (27... Rb6 $1 $11 28. Rc8+ Kg7) 28. Rf1 Kg8 29. Rc7 Rf8 30. e4 Rh2 31. Rxa7 (31. b4 {keeps more tension.} Rxh4 32. b5 Bxe4 33. Nxf7 Rh1 34. Rxh1 Bxh1 35. Nh6+) 31... Rxh4 32. c4 Bxe4 33. Nxf7 {White wants to mate with Nh6+.} Rh1 34. Rxh1 Bxh1 35. Nxe5 {[%mdl 4096] Endgame KRB-KRN} Be4 (35... h4 $14) 36. c5 (36. Kd2 $16) 36... Rf5 $1 $11 {[%cal Rf5e5]} 37. Re7 {Black must now prevent Kd2.} h4 $1 38. c6 Bxc6 {[%mdl 64] Decoy} 39. Nxc6 {Kd2 is the strong threat. KRN-KR} Rc5+ 40. Kd2 Rxc6 $14 {KR-KR} 41. Re3 Rg6 42. a4 Rg2+ $2 {[%mdl 8192] This move loses the game for Black.} (42... Kf7 $14) 43. Kc3 $18 Rg3 44. Kd4 {Threatens to win with Rxg3+.} Rg4+ 45. Re4 Rg2 46. Rxh4 Rxb2 47. Rf4 {White mates.} Rb4+ 48. Ke5 Rb1 49. Kd6 Rd1+ 50. Kc6 Rc1+ 51. Kb5 Rb1+ 52. Ka6 Kg7 53. a5 {[%cal Ba4a5,Ba5a6][%mdl 32]} Kg6 54. Ka7 Re1 55. a6 Re7+ 56. Kb6 Re6+ 57. Kb7 Re7+ 58. Kc8 Re8+ 59. Kd7 Re1 60. Rb4 Ra1 61. Rb6+ Kf7 62. Kc7 Ke7 63. Kb7 {Accuracy: White = 84%, Black = 69%.} 1-0

[Event "GEO-ch U20 Boys 2020"]
[Site "Tbilisi"]
[Date "2020.08.13"]
[Round "8.2"]
[White "Petriashvili, Nikoloz"]
[Black "Kukhaleishvili, Giorgi"]
[Result "1-0"]
[WhiteElo "2423"]
[BlackElo "1801"]
[Annotator "TA"]
[PlyCount "71"]
[EventDate "2020.08.06"]
[EventType "tourn"]
[EventCountry "GEO"]
[SourceTitle "playchess.com"]
[Source "ChessBase"]
[SourceQuality "1"]

{[%evp 12,71,47,39,54,53,43,39,39,44,52,52,50,41,40,40,54,47,71,64,51,45,121,77,87,64,102,86,83,90,112,79,71,35,41,36,117,143,158,112,276,284,261,250,377,376,726,687,713,658,1066,1038,1006,990,1760,1724,2695,2495,2308,1731,2299,2665]} 1. d4 Nf6 2. c4 g6 3. Nc3 Bg7 4. e4 d6 5. Be2 O-O 6. Be3 c5 7. d5 a6 {E73: King's Indian: Averbakh Variation without 6...c5.} 8. a4 e6 9. Nf3 exd5 {White is slightly better.} 10. cxd5 Bg4 11. Nd2 Bxe2 12. Qxe2 Nbd7 13. O-O Qe7 14. a5 {[#]} Nh5 $146 ({Predecessor:} 14... Ne8 15. Nc4 Nc7 16. Bf4 Ne5 17. Bxe5 Bxe5 18. Nxe5 Qxe5 19. f4 Qd4+ 20. Kh1 Rfe8 {1-0 (45) Fedoseev,V (2677)-Ismagambetov,A (2528) Moscow 2019}) 15. g4 Nhf6 16. h3 h5 (16... Ne8 $14) 17. Kg2 Rae8 18. Rae1 hxg4 19. hxg4 Nh7 20. f4 f5 21. g5 fxe4 22. Ndxe4 {aiming for Bc1.} Bxc3 $1 23. Nxc3 Rf5 (23... Qf7 $14) 24. Qd3 $16 {Strongly threatening Bxc5!} Qf7 25. Bd2 b5 $2 {Loses the game.} (25... Rf8 $16) 26. Rxe8+ $18 Qxe8 27. Re1 Qf7 {[#]} (27... Qd8 {is a better defense.} 28. Nd1 (28. Re6 Ndf8 $16) 28... Nxg5) 28. Re6 $1 Nxg5 $2 (28... Ndf8) 29. fxg5 {White is clearly winning.} Rf2+ {[#]} 30. Kg3 $1 (30. Kg1 Ne5 $14) 30... Ne5 {[#]} 31. Rxe5 $1 dxe5 32. Ne4 $1 {[%csl LRc5,LRf2][%mdl 64] Double Attack} c4 33. Qe3 Rf5 34. Nf6+ Rxf6 35. gxf6 Qxd5 36. Qa7 {Accuracy: White = 86%, Black = 45%.} 1-0

[Event "GEO-ch U20 Boys 2020"]
[Site "Tbilisi"]
[Date "2020.08.13"]
[Round "8.3"]
[White "Akhvlediani, Irakli"]
[Black "Goderdzishvili, Giga"]
[Result "1-0"]
[WhiteElo "2358"]
[BlackElo "2069"]
[Annotator "TA"]
[PlyCount "33"]
[EventDate "2020.08.06"]
[EventType "tourn"]
[EventCountry "GEO"]
[SourceTitle "playchess.com"]
[Source "ChessBase"]
[SourceQuality "1"]

{[%evp 10,33,31,-14,55,51,65,65,189,151,197,135,174,173,225,225,647,630,675,648,664,672,756,737,745,746]} 1. d4 f5 2. Bg5 g6 3. Nc3 {[%cal Bb1c3,Bc3e4,Be4c5][%mdl 32]} Bg7 4. e4 fxe4 5. Nxe4 d5 6. Nc5 Nc6 {A80: Dutch Defence: Unusual White second moves.} (6... b6 $11 7. Nb3 Nf6) 7. Nf3 Qd6 8. Bb5 Bg4 ({Better is} 8... Nf6 $14) 9. c3 {[#]} Rb8 $146 ({Predecessor:} 9... a6 10. Nxb7 Qe6+ 11. Be2 Bxf3 12. gxf3 Nf6 13. Nc5 Qd6 14. Nb7 Qe6 15. Nc5 Qd6 16. Nb7 {½-½ (16) Brancaleoni,M (2292)-Jurkovic,H (2401) Opatija 2003}) 10. Qa4 (10. h3 $18 Bxf3 11. Qxf3) 10... Kf7 11. O-O-O Nf6 (11... Bxf3 $142 12. gxf3 Bf6) 12. Rde1 $18 h6 $2 {[#]} (12... Bxf3 13. gxf3 Nd8 14. Qxa7 c6) 13. Ne5+ {White is clearly winning.} Nxe5 14. dxe5 Qxc5 15. Be3 d4 16. Bxd4 Qd5 17. exf6 {Black did not feel at home in the position after the opening. Accuracy: White = 79%, Black = 17%.} 1-0

[Event "GEO-ch U20 Boys 2020"]
[Site "Tbilisi"]
[Date "2020.08.13"]
[Round "8.4"]
[White "Kukhaleishvili, Giorgi"]
[Black "Qalichava, Akaki"]
[Result "0-1"]
[WhiteElo "1801"]
[BlackElo "1832"]
[Annotator "NA RC"]
[PlyCount "94"]
[EventDate "2020.08.06"]
[EventType "tourn"]
[EventCountry "GEO"]
[SourceTitle "playchess.com"]
[Source "ChessBase"]
[SourceQuality "1"]
[TimeControl "40/5400+30:1800+30"]

{[%evp 11,71,5,0,3,0,5,0,-47,-20,-31,-24,-78,-73,-105,-99,-90,-49,-144,-150,-214,-200,-219,-210,-192,-167,-261,-158,-170,-198,-176,-181,-202,-122,-204,-126,-211,-180,-172,-189,-185,-148,-109,32767,32767,-140,-208,-212,-232,-223,-263,-214,-292,-249,-311,-222,-236,-217,-283,-349,-316,0,0]} 1. d4 {[%emt 0:05:35]} Nf6 {[%emt 0:00:00]} 2. Bg5 {[%emt 0:00:04]} Ne4 {[%emt 0:00:00]} 3. Bf4 {[%emt 0:00:04]} c5 {[%emt 0:00:03]} 4. f3 {[%emt 0:02:45]} Nf6 {[%emt 0:00:26]} 5. Nc3 {[%emt 0:00:20]} Qb6 {[%emt 0:04:55]} 6. d5 {[%emt 0:06:01] A45: Trompowsky Attack.} Qxb2 {[%emt 0:02:29]} 7. Bd2 {[%emt 0:00:08]} Qb6 $1 {[%emt 0:00:13]} 8. e4 {[%emt 0:05:38]} d6 {[%emt 0:05:07] [#]} 9. Na4 $146 {[%emt 0:00:26]} ({Predecessor:} 9. Rb1 Qd8 10. f4 g6 11. Nf3 Bg7 12. Bb5+ Nfd7 13. a4 O-O 14. h4 Nf6 15. h5 {0-1 (34) Stopa,J (2427)-Belous,V (2532) chess.com INT 2020}) 9... Qc7 {[%emt 0:00:56]} 10. c4 {[%emt 0:00:02]} e6 {[%emt 0:01:48]} 11. Bc3 {[%emt 0:03:41]} (11. Ne2 $11 {remains equal.}) 11... Be7 {[%emt 0:04:53]} 12. Nb2 {[%emt 0:00:13]} O-O {[%emt 0:06:08]} 13. a4 {[%emt 0:00:15]} Nbd7 {[%emt 0:01:47]} 14. g4 {[%emt 0:00:44]} ({Better is} 14. Bd3 $15) 14... Ne5 {[%emt 0:02:14]} 15. Bxe5 {[%emt 0:00:24]} (15. Qc2 $17) 15... dxe5 {[%emt 0:00:08]} 16. Bd3 {[%emt 0:01:34]} Ne8 {[%emt 0:04:38]} 17. Ne2 {[%emt 0:02:01]} Nd6 {[%emt 0:01:08]} 18. Nc3 {[%emt 0:00:45]} (18. O-O $17 {was worth a try.}) 18... f5 {[%emt 0:01:56]} 19. O-O {[%emt 0:04:51]} fxg4 {[%emt 0:02:12]} 20. fxg4 {[%emt 0:00:22]} Bd7 {[%emt 0:00:32]} 21. Qe2 {[%emt 0:00:52]} Bg5 {[%emt 0:02:51]} (21... Rae8 $19 22. h3 Qa5) 22. Bc2 {[%emt 0:06:35]} (22. Nb5 $17 Nxb5 23. axb5) 22... Rad8 {[%emt 0:08:50]} (22... Qa5 $19 23. Nb5 Nxb5 24. axb5 Qc3) 23. Rad1 {[%emt 0:16:11]} Qc8 {[%emt 0:05:38]} 24. Rxf8+ {[%emt 0:02:06]} Rxf8 {[%emt 0:00:23]} 25. h3 {[%emt 0:06:29]} Nf7 {[%emt 0:03:54]} 26. Nd3 {[%emt 0:00:57]} h5 {[%emt 0:00:36]} 27. d6 {[%emt 0:03:06]} Qc6 {[%emt 0:05:12]} ({Don't take} 27... Nxd6 28. Nxe5 Be8 29. Nf3 $17 (29. Rxd6 Qb8 $17)) 28. h4 {[%emt 0:04:35]} (28. gxh5 $17 Qxd6 29. Nf4) 28... Bxh4 {[%emt 0:03:13]} 29. gxh5 {[%emt 0:04:01]} Bg5 {[%emt 0:06:41]} ({Worse is} 29... Qxd6 {[#]} 30. Nf4 $1 $15 {[%mdl 512]}) ({Don't take} 29... Nxd6 30. Qh2 $17) 30. Nf2 {[%emt 0:12:37]} Qc8 {[%emt 0:04:21]} ({But not} 30... Nxd6 31. Nh3 $17) 31. Nd3 {[%emt 0:06:04]} (31. Nh3 $142) 31... b6 {[%emt 0:02:18]} ({Stronger than} 31... Nxd6 32. Nxe5 Be8 33. Ng6 $11 (33. Rxd6 Bf4 $17)) 32. a5 {[%emt 0:00:50]} Qb8 {[%emt 0:01:22]} ({Weaker is} 32... bxa5 33. Kh1 $17) ({Worse is} 32... Nxd6 33. Nxe5 Be8 34. axb6 $11) 33. axb6 {[%emt 0:01:08]} axb6 {[%emt 0:00:05]} 34. Nb5 {[%emt 0:03:07]} Bxb5 $19 {[%emt 0:01:41]} (34... Nxd6 $2 35. Nxd6 Qxd6 {[#]} 36. Nf4 $1 $17 {[%mdl 512]}) 35. cxb5 {[%emt 0:00:00]} Qxd6 $2 {[%emt 0:00:12] [#]} ({Don't play} 35... Nxd6 36. Qg4 $19) ({Black should play} 35... c4 $19 36. Nb4 Nxd6) 36. Nf4 $1 {[%emt 0:00:06]} Qe7 {[%emt 0:04:21]} 37. Ng6 {[%emt 0:00:11]} Qf6 {[%emt 0:00:14]} 38. Nxf8 {[%emt 0:00:33]} Kxf8 {[%emt 0:00:05]} 39. Ra1 {[%emt 0:00:45]} Qd8 {[%emt 0:01:38]} 40. Rd1 {[%emt 0:01:37]} Qf6 {[%emt 0:01:53]} 41. Ra1 {[%emt 0:30:05]} Nd6 {[%emt 0:35:25]} 42. Ra8+ {[%emt 0:01:27]} Kf7 {[%emt 0:00:08]} 43. Rb8 {[%emt 0:00:40]} Nxb5 {[%emt 0:00:48]} 44. Qxb5 {[%emt 0:01:31]} Be3+ {[%emt 0:00:08]} 45. Kg2 {[%emt 0:00:32]} Qg5+ {[%emt 0:00:09]} 46. Kf3 {[%emt 0:00:29]} Qf4+ {[%emt 0:00:08]} 47. Ke2 {[%emt 0:00:23]} Qf2+ {[%emt 0:00:06]} 0-1

[Event "GEO-ch U20 Boys 2020"]
[Site "Tbilisi"]
[Date "2020.08.13"]
[Round "8.5"]
[White "Loladze, Andria"]
[Black "Kupatadze, Tornike"]
[Result "0-1"]
[WhiteElo "1794"]
[BlackElo "1617"]
[Annotator "NA RC"]
[PlyCount "62"]
[EventDate "2020.08.06"]
[EventType "tourn"]
[EventCountry "GEO"]
[SourceTitle "playchess.com"]
[Source "ChessBase"]
[SourceQuality "1"]
[TimeControl "40/5400+30:1800+30"]

1. d4 {[%emt 0:00:00]} g6 {[%emt 0:01:10]} 2. e4 {[%emt 0:00:00]} Bg7 {[%emt 0:00:03]} 3. Nc3 {[%emt 0:00:00]} d6 {[%emt 0:00:02]} 4. f4 {[%emt 0:00:00]} Nc6 {[%emt 0:00:18]} 5. Nf3 {[%emt 0:00:00]} Bg4 {[%emt 0:00:30]} 6. Be3 {[%emt 0:00:01]} e5 {[%emt 0:04:15]} 7. fxe5 {[%emt 0:36:43]} dxe5 {[%emt 0:01:39]} 8. d5 {[%emt 0:01:55]} Nd4 {[%emt 0:01:08]} 9. Bxd4 {[%emt 0:12:07]} exd4 {[%emt 0:00:05]} 10. Bb5+ {[%emt 0:00:09]} Kf8 {[%emt 0:00:07]} 11. Ne2 {[%emt 0:02:39]} c6 {[%emt 0:01:55]} 12. Bc4 {[%emt 0:06:05]} Bxf3 {[%emt 0:00:16]} 13. gxf3 {[%emt 0:00:19]} Qh4+ {[%emt 0:00:06]} 14. Ng3 {[%emt 0:04:26]} Be5 {[%emt 0:01:05]} 15. Kf2 {[%emt 0:00:54]} Nh6 16. Kg2 {[%emt 0:11:47]} Kg7 {[%emt 0:03:21]} 17. Qd2 {[%emt 0:04:36]} Rhf8 {[%emt 0:03:55]} 18. c3 {[%emt 0:10:46]} c5 {[%emt 0:01:00]} 19. cxd4 {[%emt 0:00:24]} cxd4 {[%emt 0:00:05]} 20. Rae1 {[%emt 0:02:21]} Rae8 {[%emt 0:03:17]} 21. Ne2 {[%emt 0:02:18]} f5 {[%emt 0:11:42]} 22. Nxd4 {[%emt 0:00:07]} Ng4 {[%emt 0:00:04]} 23. Ne6+ {[%emt 0:02:30]} Rxe6 {[%emt 0:02:02]} 24. dxe6 {[%emt 0:00:17]} Nxh2 {[%emt 0:00:03]} 25. f4 {[%emt 0:01:28]} Qg4+ {[%emt 0:00:29]} 26. Kxh2 {[%emt 0:00:36]} Bxf4+ {[%emt 0:00:05]} 27. Qxf4 {[%emt 0:00:14]} Qxf4+ {[%emt 0:00:04]} 28. Kg2 {[%emt 0:00:15]} Qg4+ {[%emt 0:01:00]} 29. Kh2 {[%emt 0:00:23]} fxe4 {[%emt 0:01:14]} 30. Rhf1 {[%emt 0:00:22]} Rf3 {[%emt 0:00:25]} 31. Rxf3 {[%emt 0:01:10]} exf3 {[%emt 0:00:00]} 0-1

[Event "GEO-ch U20 Boys 2020"]
[Site "Tbilisi"]
[Date "2020.08.13"]
[Round "8.6"]
[White "Kilasonia, Lado"]
[Black "Tsanatsqenishvili, Alexandre"]
[Result "0-1"]
[WhiteElo "1390"]
[BlackElo "1660"]
[Annotator "NA RC"]
[PlyCount "119"]
[EventDate "2020.08.06"]
[EventType "tourn"]
[EventCountry "GEO"]
[SourceTitle "playchess.com"]
[Source "ChessBase"]
[SourceQuality "1"]
[TimeControl "40/5400+30:1800+30"]

1. e4 {[%emt 0:00:00]} Nf6 {[%emt 0:00:00]} 2. e5 {[%emt 0:00:00]} Nd5 {[%emt 0:00:00]} 3. d4 {[%emt 0:00:00]} d6 {[%emt 0:00:00]} 4. Nf3 {[%emt 0:00:00]} Bg4 {[%emt 0:00:00]} 5. Be2 {[%emt 0:00:00]} c6 {[%emt 0:00:00]} 6. O-O {[%emt 0:00:25]} Bxf3 {[%emt 0:00:04]} 7. Bxf3 {[%emt 0:00:07]} dxe5 {[%emt 0:00:01]} 8. dxe5 {[%emt 0:00:07]} e6 {[%emt 0:00:01]} 9. c4 {[%emt 0:01:04]} Ne7 {[%emt 0:00:01]} 10. Qxd8+ {[%emt 0:01:12]} Kxd8 {[%emt 0:00:02]} 11. Bf4 {[%emt 0:05:34]} Ng6 {[%emt 0:02:29]} 12. Bg3 {[%emt 0:00:02]} Nd7 {[%emt 0:00:02]} 13. Re1 {[%emt 0:00:55]} Bb4 {[%emt 0:00:56]} 14. Nc3 {[%emt 0:00:03]} Kc7 {[%emt 0:22:35]} 15. a3 {[%emt 0:00:13]} Bxc3 {[%emt 0:09:54]} 16. bxc3 {[%emt 0:00:02]} Rad8 {[%emt 0:00:21]} 17. h4 {[%emt 0:02:37]} Ne7 {[%emt 0:08:17]} 18. h5 {[%emt 0:00:56]} Nc5 {[%emt 0:01:03]} 19. Bh4 {[%emt 0:01:17]} Rd7 {[%emt 0:00:11]} 20. Rad1 {[%emt 0:01:57]} Nf5 {[%emt 0:13:20]} 21. Rxd7+ {[%emt 0:01:09]} Nxd7 {[%emt 0:01:00]} 22. Bg5 {[%emt 0:00:05]} h6 {[%emt 0:00:05]} 23. Bf4 {[%emt 0:00:34]} Nb6 {[%emt 0:00:51]} 24. g4 {[%emt 0:00:48]} Ne7 {[%emt 0:00:01]} 25. Be2 {[%emt 0:01:02]} Na4 {[%emt 0:05:02]} 26. Rc1 {[%emt 0:00:27]} Rd8 {[%emt 0:02:55]} 27. Be3 {[%emt 0:02:25]} b6 {[%emt 0:05:13]} 28. f4 {[%emt 0:03:43]} Nb2 {[%emt 0:03:24]} 29. Kg2 {[%emt 0:02:05]} Nd3 {[%emt 0:02:34]} 30. Rf1 {[%emt 0:02:20]} Nc5 {[%emt 0:06:56]} 31. f5 {[%emt 0:01:51]} exf5 {[%emt 0:02:13]} 32. gxf5 {[%emt 0:00:56]} Ne4 {[%emt 0:00:17]} 33. f6 {[%emt 0:01:52]} gxf6 {[%emt 0:00:10]} 34. Bxh6 {[%emt 0:01:54]} Rg8+ {[%emt 0:00:17]} 35. Kf3 {[%emt 0:09:28]} f5 {[%emt 0:02:16]} 36. Bf4 {[%emt 0:03:14]} Kd7 {[%emt 0:02:11]} 37. Rh1 {[%emt 0:00:46]} Rh8 {[%emt 0:11:50]} 38. Bd3 {[%emt 0:01:29]} Nc5 {[%emt 0:01:20]} 39. Bc2 {[%emt 0:00:18]} Ke6 {[%emt 0:00:10]} 40. Rd1 {[%emt 0:02:15]} Nc8 {[%emt 0:00:54]} 41. h6 {[%emt 0:30:31]} a5 {[%emt 0:30:52]} 42. Rh1 {[%emt 0:01:35]} Nd7 {[%emt 0:00:23]} 43. Re1 {[%emt 0:20:09]} Ne7 {[%emt 0:00:22]} 44. c5 {[%emt 0:00:43]} bxc5 {[%emt 0:00:45]} 45. Bb3+ {[%emt 0:02:42]} Nd5 {[%emt 0:00:12]} 46. Re2 {[%emt 0:05:53]} N7b6 {[%emt 0:00:36]} 47. Rb2 {[%emt 0:06:07]} c4 48. Bc2 {[%emt 0:01:37]} Nd7 {[%emt 0:00:39]} 49. Ba4 {[%emt 0:01:50]} Nxf4 {[%emt 0:00:41]} 50. Kxf4 {[%emt 0:00:24]} Rxh6 {[%emt 0:00:28]} 51. Re2 {[%emt 0:00:38]} Rh4+ {[%emt 0:00:15]} 52. Kg3 {[%emt 0:00:53]} Rg4+ {[%emt 0:00:07]} 53. Kh3 {[%emt 0:00:02]} Nxe5 {[%emt 0:01:04]} 54. Bxc6 {[%emt 0:00:02]} Kd6 {[%emt 0:00:27]} 55. Bb7 {[%emt 0:01:11]} Nd3 {[%emt 0:00:32]} 56. Rd2 {[%emt 0:00:17]} Kc5 {[%emt 0:00:29]} 57. Bc8 {[%emt 0:00:11]} Rg5 {[%emt 0:00:31]} 58. Kh4 {[%emt 0:00:32]} f6 {[%emt 0:00:01]} 59. Rd1 {[%emt 0:00:33]} Nf4 {[%emt 0:00:31]} 60. Bxf5 0-1

[Event "GEO-ch U20 Boys 2020"]
[Site "Tbilisi"]
[Date "2020.08.14"]
[Round "9.1"]
[White "Kukhaleishvili, Giorgi"]
[Black "Kacharava, Nikolozi"]
[Result "1/2-1/2"]
[WhiteElo "1801"]
[BlackElo "2437"]
[Annotator "TA"]
[PlyCount "57"]
[EventDate "2020.08.06"]
[EventType "tourn"]
[EventCountry "GEO"]
[SourceTitle "playchess.com"]
[Source "ChessBase"]
[SourceQuality "1"]

{[%evp 14,57,16,12,16,0,16,0,8,0,0,-21,-11,-62,-42,-43,-37,-33,-40,-43,-40,-37,-33,-31,-33,-49,-56,-54,-33,-36,-35,-61,21,-45,0,-54,32,-48,0,-52,25,-40,0,-58,13,-39]} 1. e4 e5 2. Nf3 Nf6 3. Nxe5 d6 4. Nf3 Nxe4 5. Qe2 Qe7 6. d3 Nf6 7. Nc3 Qxe2+ 8. Bxe2 g6 {C42: Petroff Defence: 3 Nxe5 and unusual White 3rd moves.} 9. Bg5 Bg7 10. O-O-O O-O {[#]} 11. h3 $146 ({Predecessor:} 11. Rhe1 h6 12. Bh4 Nc6 13. d4 a6 14. a3 Bd7 15. d5 Na7 16. Nd4 Nc8 17. Nb3 {½-½ (65) So,W (2799)-Caruana,F (2784) Berlin 2018}) 11... h6 12. Bh4 a6 13. a4 (13. Rde1 $11) 13... Bd7 14. d4 Nc6 15. Bxf6 Bxf6 16. Nd5 Bd8 $1 17. Rhe1 Na7 18. b3 c6 19. Nc3 Ba5 20. Kb2 Rae8 21. Bd3 Nc8 22. Nd2 Na7 ({Better is} 22... Kg7 $15) 23. Nf3 (23. Nc4 $11 Bc7 24. d5) 23... Nc8 24. Nd2 Na7 ({Black should try} 24... Kg7 $15) 25. Nf3 (25. Nc4 $14 Bc7 26. Rxe8 Rxe8 27. Ne4) 25... Nc8 26. Nd2 Na7 (26... Kg7 $15) 27. Nf3 (27. Nc4 $11 Bc7 28. d5) 27... Nc8 28. Nd2 Na7 ({Black should play} 28... Kg7 $15) 29. Nf3 {Accuracy: White = 68%, Black = 70%.} (29. Nc4 $11 Bc7 30. d5) 1/2-1/2

[Event "GEO-ch U20 Boys 2020"]
[Site "Tbilisi"]
[Date "2020.08.14"]
[Round "9.2"]
[White "Tsanatsqenishvili, Alexandre"]
[Black "Petriashvili, Nikoloz"]
[Result "0-1"]
[WhiteElo "1660"]
[BlackElo "2423"]
[Annotator "TA"]
[PlyCount "52"]
[EventDate "2020.08.06"]
[EventType "tourn"]
[EventCountry "GEO"]
[SourceTitle "playchess.com"]
[Source "ChessBase"]
[SourceQuality "1"]

{[%evp 9,52,16,4,0,4,2,24,18,19,14,68,6,8,0,0,-30,-11,-12,-8,-69,-68,-72,-45,-50,-69,-69,-65,-142,-141,-179,-85,-74,-60,-61,-59,-94,-82,-223,-225,-516,-506,-550,-536,-530,-516]} 1. e4 c6 2. Nf3 d5 3. Nc3 g6 4. exd5 cxd5 5. Bb5+ Bd7 6. a4 {B11: Caro-Kann: Two Knights Variation.} Bg7 7. d4 e6 8. O-O {[#] White has an edge.} Ne7 $146 ({Predecessor:} 8... Nc6 9. Bf4 Nge7 10. Ne2 O-O 11. c3 a6 12. Bd3 Rc8 13. b4 f6 {1-0 (53) Bjelajac,M (2370)-Bellini,F (2503) playchess.com INT 2003}) 9. Re1 a6 (9... Nbc6 $11) 10. Bxd7+ (10. Bg5 $14 f6 11. Bxd7+ Qxd7 12. Bf4) 10... Qxd7 $11 11. Bg5 Nbc6 12. Bxe7 Nxe7 13. a5 Qc7 14. Ne5 ({Better is} 14. Qd2 $11) 14... O-O $15 15. Qd2 Rac8 16. Re2 Bxe5 17. dxe5 Nc6 {[%cal Be7c6,Bc6a5,Ba5c4,Bc4b2][%mdl 32]} 18. Qg5 (18. f4 $15) 18... Nxa5 $17 19. Rd1 Qd8 (19... Qb6 $19 {is more deadly.} 20. Qc1 Rc4) 20. Qh6 f5 {Hoping for ...Qb6.} 21. exf6 $1 Qxf6 22. Qh3 Rc6 23. g3 {White does not recover from this.} (23. Rd3 $17) 23... Nc4 $19 24. Qh6 $2 (24. Rb1) 24... Nxb2 {Black is clearly winning.} 25. Rxd5 {White wants to play Rd7!} Rxc3 26. Rd7 {[%csl Gd7][%cal Rh6h7] [#]} Rf7 {Accuracy: White = 53%, Black = 77%.} 0-1

[Event "GEO-ch U20 Boys 2020"]
[Site "Tbilisi"]
[Date "2020.08.14"]
[Round "9.3"]
[White "Kupatadze, Tornike"]
[Black "Akhvlediani, Irakli"]
[Result "0-1"]
[WhiteElo "1617"]
[BlackElo "2358"]
[Annotator "TA"]
[PlyCount "90"]
[EventDate "2020.08.06"]
[EventType "tourn"]
[EventCountry "GEO"]
[SourceTitle "playchess.com"]
[Source "ChessBase"]
[SourceQuality "1"]

{[%evp 11,90,-24,-10,-39,-30,-61,-58,-67,-68,-64,-37,-51,-48,-125,-127,-127,-133,-134,-135,-129,-133,-137,-112,-115,-112,-123,-128,-125,-123,-131,-137,-137,-132,-139,-133,-135,-128,-128,-132,-138,-127,-132,-128,-134,-115,-235,-234,-269,-269,-261,-259,-245,-237,-256,-156,-517,-522,-496,-456,-593,-588,-584,-578,-578,-535,-989,-859,-1110,-992,-1971,-1932,-1762,-1487,-2253,-3895,-1730,-1110,-29981,-29982,-29982,-29983]} 1. e4 c5 2. d4 cxd4 3. c3 dxc3 4. Nxc3 Nc6 5. Bc4 d6 6. Nf3 a6 $1 {[%mdl 4] is now more promising than 6...e6. Played by Quang Liem Le in June 2020.} 7. Bg5 {B21: Sicilian: 2 f4 and Morra Gambit.} Nf6 8. e5 dxe5 9. Qxd8+ {Black is slightly better.} Nxd8 10. Nxe5 e6 {[#]} 11. O-O-O $146 {Rxd8+! is the strong threat.} ({Predecessor:} 11. Rd1 Be7 12. O-O Nd7 13. Nf3 Bxg5 14. Nxg5 Nf6 15. Rxd8+ Kxd8 16. Nxf7+ Ke7 17. Nxh8 {½-½ (27) Achenbach,M (2041)-Wallhof,D (1968) Ruhrgebiet 2005}) 11... Be7 12. Rd3 (12. Be2 $15) 12... b5 $17 13. Bb3 Bb7 14. f3 Nc6 15. Nxc6 Bxc6 16. Re1 Rd8 17. Rxd8+ Bxd8 18. Rd1 Bc7 19. h3 h6 20. Bh4 Ke7 21. Bf2 Bd6 22. Ne2 Rc8 {And now ...Bxf3+ would win.} 23. Kb1 Bd5 24. Bxd5 Nxd5 25. Bd4 g5 26. Nc3 Nxc3+ 27. Bxc3 {[%mdl 4096] Endgame KRB-KRB} Rc6 28. a3 {[#]} (28. Rc1 $17 {was necessary.}) 28... Bxa3 $1 $19 {[%mdl 512]} 29. Bg7 {[#]} (29. bxa3 Rxc3) 29... Bd6 $1 30. Bxh6 f6 31. h4 gxh4 32. Rd4 Rc4 33. Rxc4 $2 {This costs White the game.} (33. Bf8+ $17 Kxf8 34. Rxd6) 33... bxc4 $17 {KB-KB} 34. Kc2 Be5 35. Be3 f5 36. Bc5+ Kd7 37. Bb4 Bf6 38. f4 Kc6 39. Bd2 Kd5 40. Be1 Ke4 41. Bd2 Bd8 42. Kc1 Bc7 43. Kc2 Bxf4 44. Be1 Bg3 45. Bb4 f4 {Accuracy: White = 48%, Black = 87%.} 0-1